ឆ្កែសង្គ្រោះម្ចាស់ : (Record no. 8594)
[ view plain ]
| 000 -LEADER | |
|---|---|
| fixed length control field | 01421nam a22002657a 4500 |
| 001 - CONTROL NUMBER | |
| control field | 8594 |
| 003 - CONTROL NUMBER IDENTIFIER | |
| control field | FISKH |
| 005 - DATE AND TIME OF LATEST TRANSACTION | |
| control field | 20251002110231.0 |
| 008 - FIXED-LENGTH DATA ELEMENTS--GENERAL INFORMATION | |
| fixed length control field | 251002b cb ||||| |||| 00| 0 eng d |
| 040 ## - CATALOGING SOURCE | |
| Original cataloging agency | FISKH |
| Language of cataloging | khr |
| Transcribing agency | FISKH |
| Modifying agency | FISKH |
| 050 ## - LIBRARY OF CONGRESS CALL NUMBER | |
| Classification number | PZ7 |
| 100 ## - MAIN ENTRY--PERSONAL NAME | |
| Personal name | Maxwell, Arthur S. |
| 245 ## - TITLE STATEMENT | |
| Title | ឆ្កែសង្គ្រោះម្ចាស់ : |
| Remainder of title | Save by his dog / |
| Statement of responsibility, etc. | និពន្ធដោយ លោក អាធើរ អេស ម៉ាកវ៉ែល |
| 260 ## - PUBLICATION, DISTRIBUTION, ETC. | |
| Place of publication, distribution, etc. | Phnom Penh : |
| 300 ## - PHYSICAL DESCRIPTION | |
| Extent | 14 pages : |
| Other physical details | color illustrations ; |
| Dimensions | 21 cm . |
| 505 ## - FORMATTED CONTENTS NOTE | |
| Formatted contents note | K <br/> |
| 520 ## - SUMMARY, ETC. | |
| Summary, etc. | រឿងនេះបានអប់រំកុមារអោយមានចរិតល្អ និងបណ្តុះនូវគុណធម៏ល្អជាច្រើន ដូចជា ការប្រកាន់ចរិតទៀងត្រង់ ការលត់ដំខ្លួន សេចក្តីពិត ការគោរពជាដើម៕ |
| 520 ## - SUMMARY, ETC. | |
| Summary, etc. | This story teaches children to develop good character and instills many positive moral values such as honesty, humility, truthfulness, and respect. |
| 521 8# - TARGET AUDIENCE NOTE | |
| Target audience note | 510 <br/> |
| Source | Lexile estimate <br/> |
| 521 8# - TARGET AUDIENCE NOTE | |
| Target audience note | K <br/> |
| Source | Raz-Plus <br/> |
| 650 ## - SUBJECT ADDED ENTRY--TOPICAL TERM | |
| Topical term or geographic name entry element | ឆ្កែសង្គ្រោះម្ចាស់ |
| Form subdivision | រឿងនិទានកុមារ |
| 650 ## - SUBJECT ADDED ENTRY--TOPICAL TERM | |
| Topical term or geographic name entry element | Saved by his dog |
| Form subdivision | Children's stories |
| 942 ## - ADDED ENTRY ELEMENTS (KOHA) | |
| Source of classification or shelving scheme | Dewey Decimal Classification |
| Koha item type | Khmer Books |
| Suppress in OPAC | No |
| Withdrawn status | Lost status | Source of classification or shelving scheme | Damaged status | Not for loan | Collection | Home library | Current library | Shelving location | Date acquired | Total Checkouts | Full call number | Barcode | Date last seen | Copy number | Price effective from | Koha item type |
|---|---|---|---|---|---|---|---|---|---|---|---|---|---|---|---|---|
| Dewey Decimal Classification | Khmer-English Bilingual / ភាសាខ្មែរ-អង់គ្លេស | Footprints International School Library Network Toul Tom Poung Campus | Footprints International School Library Network Toul Tom Poung Campus | TTP Primary Khmer Bookshelves | 10/02/2025 | MAR PZ7 | 2025-4468 | 10/02/2025 | 1 | 10/02/2025 | Khmer Books | |||||
| Dewey Decimal Classification | Khmer-English Bilingual / ភាសាខ្មែរ-អង់គ្លេស | Footprints International School Library Network Toul Tom Poung Campus | Footprints International School Library Network Toul Tom Poung Campus | TTP Primary Khmer Bookshelves | 10/03/2025 | MAR PZ7 | FISBK04159 | 10/03/2025 | 2 | 10/03/2025 | Khmer Books | |||||
| Dewey Decimal Classification | Khmer-English Bilingual / ភាសាខ្មែរ-អង់គ្លេស | Footprints International School Library Network Toul Tom Poung Campus | Footprints International School Library Network Toul Tom Poung Campus | TTP Primary Khmer Bookshelves | 10/24/2025 | MAR PZ7 | FISBK04107 | 10/24/2025 | 3 | 10/24/2025 | Khmer Books |
